الدين والفكر فى فخ الاستبداد : (Record no. 15745)
[ view plain ]
| 000 -الفاتح | |
|---|---|
| حقل البيانات ثابتة الطول | 01220nam a22002057a 4500 |
| 008 - عناصر البيانات ثابتة الطول - معلومات عامة | |
| حقل البيانات ثابتة الطول | 110727s2001 ua||||| |||| 00| 0 ara d |
| 020 ## - الرقم الدولى المعيارى للكتب | |
| الرقم الدولى المعيارى للكتاب | 9770906980 |
| 082 ## - رقم تصنيف ديوى العشرى | |
| رقم الطبعة | 22 |
| رقم التصنيف | 297.272 |
| رقم المادة | خ ا ت |
| 100 1# - المدخل الرئيسى - إسم شخصى | |
| 9 (RLIN) | 26444 |
| الإسم الشخصى | خاتمى ، محمد |
| 245 ## - بيان العنوان | |
| العنوان | الدين والفكر فى فخ الاستبداد : |
| بقية العنوان | دراسة فى الفكر السياسى للمسلمين بين ازدهار الحضارة الإسلامية وانهيارها / |
| بيان المسئوليه,etc | محمد خاتمى ؛ تعريب واختصار وتعليق ثريا محمد على ، علاء عبد العزيز السباعى |
| 260 ## - PUBLICATION, DISTRIBUTION, ETC. (IMPRINT) | |
| مكان الناشر او الموزع | القاهرة : |
| اسم الناشر او الموزع | مكتبة الشروق ، |
| تاريخ النشر أو التوزيع | 2001. |
| 300 ## - الوصف المادى | |
| التعداد | 341 ص ؛ |
| أبعاد الوعاء | 24 سم. |
| 504 ## - تبصرة ببليوجرافية | |
| تبصرة ببليوجرافية,الخ | يشتمل على إرجاعات ببليوجرافية بعد كل فصل |
| 650 ## - المدخل الاضافى بالموضوع-مصطلح موضوعى | |
| 9 (RLIN) | 13370 |
| مصطلح موضوعي أو اسم جغرافي كعنصر مدخل | الإسلام والسياسة |
| 653 ## - مصطلح تكشيفى غير مقيد | |
| Resource For college | |
| Arrived date list | July2011 |
| 700 ## - المدخل الاضافى - اسم شخصى | |
| 9 (RLIN) | 26445 |
| الإسم الشخصى | على ، ثريا محمد |
| الدور | تعريب واختصار وتعليق |
| 700 ## - المدخل الاضافى - اسم شخصى | |
| 9 (RLIN) | 26446 |
| الإسم الشخصى | السباعى ، علاء عبد العزيز |
| الدور | تعريب واختصار وتعليق |
| 942 ## - عناصر المدخل الإضافي( كوها) | |
| مصدر التصنيف او مخطط الترفيف | Dewey Decimal Classification |
| Koha [default] item type | Book - Borrowing |
| حالة التراجع | حالة الفقد | مصدر التصنيف او خطة الترفيف | حالة تلف | ليس للاعارة | مجموعات كوها | المكان الدائم | المكان الحالي | موقع الترفيف | تاريخ الاكتساب | رقم الاستدعاء | الباركود | Date last seen | نوع الوعاء |
|---|---|---|---|---|---|---|---|---|---|---|---|---|---|
| Dewey Decimal Classification | Alef-Baa | Central Library | Central Library | Lower Floor | 27/07/2011 | 297.272 خ ا ت | 000023950 | 15/07/2025 | Book - Borrowing |